[Event "Tata Steel-A 75th"]
[Site "Wijk aan Zee"]
[Date "2013.01.25"]
[Round "11"]
[White "Karjakin, Sergey"]
[Black "Sokolov, Ivan"]
[Result "1-0"]
[WhiteElo "2780"]
[BlackElo "2663"]
[Annotator "Marin,M"]
[PlyCount "63"]
[EventDate "2013.01.12"]
[EventType "tourn"]
[EventRounds "13"]
[EventCountry "NED"]
[EventCategory "20"]
[SourceTitle "CBM 153"]
[Source "ChessBase"]
[SourceDate "2013.03.14"]
[SourceVersion "1"]
[SourceVersionDate "2013.03.14"]
[SourceQuality "1"]

1. e4 e5 2. Nf3 Nc6 3. Bb5 a6 4. Ba4 Nf6 5. O-O b5 6. Bb3 Bb7 7. d3 Bc5 8. Nc3
d6 9. a3 {This is sometimes played in the Anti-Marshall, but also in the
Zaitsev.} h6 10. Be3 {Ivan once again faces this way of developing the bishop.}
({The usual continuation is} 10. Ne2) 10... O-O 11. Ba2 Rb8 $146 (11... Ba7 12.
Qd2 Ne7 13. Ne2 Nh7 14. Ng3 Kh8 15. Bxa7 Rxa7 16. Nh4 d5 17. Rad1 Ra8 18. Qc3
d4 19. Qd2 Bc8 20. f4 $36 {Short,N (2673)-Hector,J (2513)/Malmo 2002/CBM 090 
(1/2, 29)}) 12. Ne2 Bc8 $5 {Quite some flexibility of thinking: from the
classical Arkhangelsk Black will transpose to a delayed Neo-Arkhangelsk! The
bishop will be wellcome on g4 after White's d3-d4. In other cases, it could
land on e6, to neutralize he a2-bishop.} 13. Ng3 Bb6 14. c3 Re8 15. d4 Bg4 16.
Qd3 Bxf3 17. gxf3 {This truly has Neo-Arkhangelsk contours.} Ne7 18. Kh1 Qd7
19. f4 Qh3 20. f3 exf4 $6 {This helps White to improve his structure.} (20...
exd4 $5 21. cxd4 c5 $132) 21. Bxf4 Ng6 22. Be3 c5 23. Rf2 $14 Nh5 24. Rg1 c4
25. Qd2 Bd8 26. Nxh5 Qxh5 27. Bb1 Bh4 28. Rff1 $16 d5 $6 29. e5 Rb6 30. f4 $18
f5 31. Qg2 Rd8 32. Bc2 $1 {[%cal Gc2d1]} 1-0

[Event "Tata Steel-A 75th"]
[Site "Wijk aan Zee"]
[Date "2013.01.15"]
[Round "4"]
[White "Caruana, Fabiano"]
[Black "Sokolov, Ivan"]
[Result "1-0"]
[WhiteElo "2781"]
[BlackElo "2663"]
[Annotator "Marin,M"]
[PlyCount "85"]
[EventDate "2013.01.12"]
[EventType "tourn"]
[EventRounds "13"]
[EventCountry "NED"]
[EventCategory "20"]
[SourceTitle "CBM 153"]
[Source "ChessBase"]
[SourceDate "2013.03.14"]
[SourceVersion "1"]
[SourceVersionDate "2013.03.14"]
[SourceQuality "1"]

1. e4 e5 2. Nf3 Nc6 3. Bb5 a6 4. Ba4 Nf6 5. O-O b5 6. Bb3 Bb7 7. d3 Bc5 8. a4
h6 9. Nc3 b4 10. Nd5 {In the long lines of the Ruy Lopez, the knight usually
gets on this square after consuming two more tempi (Nd2-f1-e3-d5) and meeting
all kind of problems on the way.} d6 11. a5 O-O 12. Be3 {Not the main
continuation, but an interesting one. The central piece tension becomes
chalenging for both players now.} ({There is some theory after} 12. c3 Rb8 {
, see for instance two annotated games from older CBM issues.} 13. Bd2 (13. Be3
{Kindermann,S (2565)-Timman,J (2590)/Biel 1995/CBM 049/[Wedberg] (1-0, 24)})
13... bxc3 14. bxc3 Ba7 15. Be3 {Timman,J (2635)-Bareev,E (2675)/Wijk aan Zee
1995/CBM 045/[Konikowski] (1/2, 38)}) 12... Nd7 $6 $146 {This stepping back
looks like a concession, weakening the control over the d5-square. From the
tested moves, I only found one to be acceptable.} (12... Nd4 $6 13. Bxd4 exd4
14. Nxf6+ Qxf6 15. Nd2 Ba7 16. f4 c5 17. Qh5 Kh7 18. Bd5 $16 {Hossain,E (2436)
-Sharma,D (2369)/Dhaka 2004/CBM 100 ext (1/2, 69)}) (12... Rb8 $6 13. Bxc5 dxc5
14. c3 (14. Ne3 $5) 14... Re8 (14... Nxd5 15. exd5 Na7 16. c4 c6) 15. Ne3 $14 {
Motylev,A (2634)-Sebag,M (2413)/Bastia 2003/EXT 2004 (1-0, 58)}) (12... Bxe3
13. Nxf6+ Qxf6 14. fxe3 $14 Ne7 $6 (14... Qd8 15. Qe1 $36) 15. Qe1 c5 16. Nd4 (
16. Nd2 Qg5 17. Rf3 $36) 16... Qg6 17. Nf5 Nxf5 18. Rxf5 Bc8 19. Rf3 Be6 $11 {
Khakpoor,A (2252)-Moradi,B (2220)/Teheran 2003/EXT 2004 (1/2, 31)}) (12... Nxd5
$5 13. Bxd5 (13. exd5 {is more tsting, but I wonder whether White can claim a
palpable advantage after} Ne7 14. Bxc5 dxc5 15. Nxe5 Bxd5 16. Bc4 $5) 13...
Bxe3 14. fxe3 Nxa5 $1 15. Rxa5 c6 $11 {Egger,J (2415)-Godena,M (2510)/Elista
1998/CBM 066 ext (0-1, 45)}) 13. Qd2 $16 {[%cal Gd2h6,Gd2b4] A strong
developing move, taking both wings under control.} Kh7 (13... Rb8 14. Bxh6 gxh6
15. Qxh6 $18 {[%cal Gf3g5]}) (13... Nxa5 14. Rxa5 c6 15. Bxc5 dxc5 16. Rfa1
cxd5 17. Bxd5 $16) (13... Bxe3 14. fxe3 $16 {[%csl Gb4]}) 14. c3 $6 {But this
looks too neutral.} (14. Bxc5 dxc5 15. c3 $16) 14... Bxe3 15. fxe3 Nc5 $6 {
Preparing another release of the tension, with almost ireparable result this
time.} (15... bxc3 16. bxc3 Na7 {[%cal Gc7c6,Ga7b5]}) 16. Bc2 b3 $6 17. Bb1 Rb8
18. d4 Nd7 19. Bd3 $16 {Black's jumping around with the knight has not
prevented White from builidng up a strong centre. Besides, the b3-pawn is weak.
} Kh8 20. Ra3 Nxa5 21. Rxa5 c6 22. c4 cxd5 23. cxd5 (23. exd5 $5) 23... Qb6 24.
Ra4 Rbe8 25. Rb4 Qa7 26. Rxb3 Bxd5 27. exd5 e4 28. Nh4 exd3 29. Nf5 $16 Rb8 $2
(29... Qa8 $16 30. Nxd6 $2 Qxd5 $1) 30. Qxd3 $18 {Disaster is looming over d6.}
Rxb3 (30... Rb6 31. Rxb6 Qxb6 32. Qa3 $18) 31. Qxb3 Nf6 32. Nxh6 $1 Rb8 33. Qa3
Qc7 34. Nf5 ({Why not} 34. Qxd6 $5 {, was he in time trouble?}) 34... Ne4 35.
Qd3 Re8 36. Ng3 $6 (36. Qe2 $1 $18 {[%cal Ge2g4]}) 36... Nxg3 37. hxg3 a5 38.
e4 Rb8 39. Qd2 Rb4 40. Kh2 f6 41. Qe2 Kg8 42. Qg4 Kf8 $2 (42... Rxd4 43. Rxf6
Rxe4 $16) 43. Rf5 (43. Rf5 Rxd4 44. Rh5 {[%cal Gh5h8,Gg4h5]} Kf7 45. Rh7) 1-0

[Event "Moscow Tal Memorial 2nd"]
[Site "Moscow"]
[Date "2007.11.10"]
[Round "1"]
[White "Leko, Peter"]
[Black "Shirov, Alexei"]
[Result "1-0"]
[WhiteElo "2755"]
[BlackElo "2739"]
[Annotator "Marin,M"]
[PlyCount "61"]
[EventDate "2007.11.10"]
[EventType "tourn"]
[EventRounds "9"]
[EventCountry "RUS"]
[EventCategory "20"]
[SourceTitle "CBM 122"]
[Source "ChessBase"]
[SourceDate "2008.01.30"]
[SourceVersion "1"]
[SourceVersionDate "2008.01.30"]
[SourceQuality "1"]

1. e4 e5 2. Nf3 Nc6 3. Bb5 a6 4. Ba4 Nf6 5. O-O b5 6. Bb3 Bc5 7. c3 d6 8. a4
Rb8 9. d4 Bb6 10. Na3 O-O 11. axb5 axb5 12. Nxb5 Bg4 13. Bc2 Bxf3 14. gxf3 Nh5
{This is one of the critical positions of the neo-Arkhangelsk system. Both
players had had previous experience with it.} 15. f4 $5 $146 {It is curious
that this generally logical move has never been tried before. White gives up a
pawn in order to eliminate the weakness of the f4-square and release the
tension against the d4-pawn, with the aim of leaving the enemy minor pieces
passive.} ({You can find a survey on the previously played moves in the notes
to Dominguez Perez,L (2678)-Shirov,A (2699)/Foros 2007/CBM 119/[Marin,M] (0-1,
46), which continued with} 15. Be3) 15... Nxf4 ({Black could try to maintain
the tension with} 15... Qh4 {but after} 16. Qf3 (16. fxe5 dxe5 17. d5 Ne7 {
offers Black good control on dark squares and possibilities of kingside
counterplay with either ...f5 or ...Ng6-f4.}) {Black should probably play}
16... Nxf4 {anyway.} (16... exd4 $6 {is bad because of} 17. e5 $16 {[%csl Gc6]}
) 17. Bxf4 exf4 {[%csl Rb5,Rg1][%cal Gh4g5] /\...Qg5+, פb5. Black's position
looks slightly more active than in the game, but I doubt if this sensation is
real.} 18. Kh1 Nd8 19. Rg1 (19. d5 $6 {[%csl Ge5]} f6 {[%csl Ge5,Gg5][%cal
Gd8f7]} 20. Nd4 Bxd4 21. cxd4 Rxb2 $132) 19... Ne6 20. Rg4 Qh5 21. Rag1 Kh8 (
21... Qxb5 $2 22. Rxg7+ $1 Nxg7 23. Qg2 $18 {or 22...Kh8 23.Rxh7!+}) 22. Bd3 {
For both sides, it is hard to suggest a way for further improving of the
position, but, as long as the black bishop is safely restricted by the central
pawns, White remains in control.}) 16. Bxf4 exf4 17. Qg4 Qf6 {This is the
position White has been aiming for. He has a strong pawn centre, which
strongly restricts the opposing minor pieces. On the other hand, his knight is
vulnerable and passively placed. If he could make a spell and transfer it to
f3, his position would be close to winning. However, it is not so simple to
improve the knight's placement. In the event of a hurried retreat, Black would
get the possibility of activating his play with either ...Bxd4 or ...Nxd4.
This means that White should not retreat with his knight before Black moves
his (also passively placed) knight away from c6.} 18. b4 Ne7 $6 {In view of
the previous comment, this move looks premature.} ({Black should have embarked
on a waiting game with} 18... g6 {, for example} 19. Kh1 Rfe8 (19... Nd8 $6 20.
Na3 $1 Ne6 21. Nc4 $14) {White, of course, has many useful moves at his
disposal, but he should choose among them with care. For instance,} 20. Rfe1 $6
{would leave the e4-pinned and the f2-pawn vulnerable, making the tactical
operation} Nxb4 $1 21. cxb4 c6 22. Na7 Bxd4 {entirely viable, for instance} 23.
Ra5 d5 $132) 19. Na3 Ng6 20. Nc4 Bxd4 {Shirov played this move almost without
thinking. He was probably aware of White's main threat: 21.e5 dxe5 22.Bxg6!
followed by 23.Nxe5, which would leave the black bishop in a desperate
situation.} ({The same plan would work out well after} 20... Qe6 21. Qxe6 fxe6
{, when the positional threat of undermining the enemy centre with ...e5 fails
to} 22. e5 $1 dxe5 23. Bxg6 hxg6 24. Nxe5 $16) 21. cxd4 Qxd4 22. Na5 {[%csl
Rb8,Rd4][%cal Ga5c6]} Qd2 $6 {Probably missing White's 24th move.} ({The less
comittal} 22... Rb6 {looks like a better way to maintain the tension.}) 23. Bb3
Ne5 {Apparently, Black has managed to improve his position. His central knight
looks wonderful, while the b4-pawn is weak... Abstractly speaking, there is a
flaw in Black's plan: the knight needed 3 whole moves to reach e5 from c6,
instead of just one. The additional time has been used by White to improve his
own position.} 24. Nc4 $1 $16 {The point. After the exchange of the e5-knight,
Black will not have sufficient compensation for the missing bishop.} Nxg4 ({
It is hard to say whether} 24... Qxf2+ 25. Rxf2 Nxg4 26. Rxf4 Rxb4 {offered
better chances for survival. In any case, after the game continuation Black
lost almost by force.}) 25. Nxd2 Rxb4 26. Rfc1 Ne5 27. Rxc7 g5 28. Bd5 g4 29.
Nc4 h5 30. Nxe5 dxe5 31. Re7 1-0

[Event "Candidates sf"]
[Site "Elista"]
[Date "2007.05.28"]
[Round "1.2"]
[White "Shirov, Alexei"]
[Black "Adams, Michael"]
[Result "1/2-1/2"]
[WhiteElo "2699"]
[BlackElo "2734"]
[Annotator "Marin,M"]
[PlyCount "107"]
[EventDate "2007.05.27"]
[EventType "k.o."]
[EventRounds "12"]
[EventCountry "RUS"]
[SourceTitle "CBM 119"]
[Source "ChessBase"]
[SourceDate "2007.08.01"]
[SourceVersion "1"]
[SourceVersionDate "2007.08.01"]
[SourceQuality "1"]

1. e4 e5 2. Nf3 Nc6 3. Bb5 a6 4. Ba4 Nf6 5. O-O b5 6. Bb3 Bc5 {Adams fights
against Shirov with one of the latter's own weapons.} 7. a4 Rb8 8. c3 O-O {
Quite provocative.} (8... d6 9. d4 Bb6 {is more solid.}) 9. d4 Bb6 10. dxe5 Ng4
11. Bf4 Qe7 {A natural, but rare move.} ({Black usually places his queen on a
more passive square:} 11... Qe8 12. axb5 axb5 13. Na3 ({One of the reasons for
doing that could be that now} 13. Qd5 {can be answered with} Ne7 14. Qd2 Ng6
$11 {, since the e7-square is available for the knight. Instead of the queen
incursion to the centre, White can attack and win the b5-pawn with either of
his knights, but Black usually retains adequate compensation because of the
pressure exerted by his bishops against the enemy kingside.}) (13. Nd4 Ngxe5
14. Nxb5 d6 15. Ba4 (15. N1a3 Kh8 {Kotronias,V (2622)-Erenburg,S (2573)/
Kusadasi 2006/CBM 111 ext (1-0, 45)} 16. Qd2 $5) 15... Bg4 16. Qc2 f5 17. Nd2
Qg6 $132 {Svidler,P (2740)-Khalifman,A (2653)/Moscow 2005/CBM 111 (1/2-1/2, 41)
}) 13... Ncxe5 14. Nxe5 Nxe5 15. Nxb5 (15. Nc2 d6 16. Be3 Be6 17. Bxe6 fxe6 18.
Bxb6 Rxb6 19. Ne3 Qg6 20. f3 Rbb8 21. Kh1 b4 $11 {Smirin,I (2659)-Fressinet,L 
(2640)/Bastia 2006 (1/2-1/2, 35)}) 15... d6 (15... Kh8 16. Bd5 f5 17. exf5 Rxf5
18. Bg3 Rf8 19. Nd4 c6 20. Re1 Bc7 21. Ra7 Bb7 22. Bxe5 Bxe5 23. Nf3 $16 {
Dominguez,L (2647)-Bruzon Bautista,L (2652)/Santa Clara 2006/CBM 111 ext (1-0,
33)}) 16. Nd4 Ng6 17. Bg3 Qxe4 18. Re1 Qb7 19. Bc2 (19. Bc4 Bd7 (19... Bxd4 $5
20. cxd4 $5 $13 Qxb2 $2 21. Qd3 {[%cal Ye1b1]} d5 $8 22. Bxd5 $16 {[%csl Yd5,
Yg3] ^^}) 20. Nf3 $1 Bc6 21. Ng5 $36 Bxg2 22. Qh5 h6 23. Nxf7 $16 {Hamdouchi,H
(2575)-Guidarelli,L (2462)/Montpellier 2006/CBM 111 ext (1-0, 69)}) 19... Bd7 (
19... Ra8 20. Rxa8 Qxa8 21. h4 Qd5 22. h5 Ne5 23. h6 $14 {Volokitin,A (2645)
-Fedorchuk,S (2601)/Katernberg 2007 (1-0, 38)}) (19... Bxd4 $2 20. Qxd4 Qxb2 $2
21. Reb1 $16) 20. Be4 d5 21. Bf5 Bxd4 22. Bxd7 Bf6 23. Ra2 Rbd8 24. Bf5 d4 25.
cxd4 {1/2-1/2 Bauer,C (2599)-Tkachiev,V (2645)/Besancon 2006/CBM 113 ext}) 12.
axb5 axb5 13. Qd5 {Now, this move is entirely possible. After 13.Nd4 or 13.Na3,
the black queen would simply be better placed than in the previous lines.} Bb7
14. Qxb5 Ba8 15. Qc4 Ncxe5 16. Nxe5 Nxe5 17. Bxe5 Qxe5 18. Nd2 Rbe8 $146 (18...
Kh8 19. Nf3 (19. Rad1 f5 20. Nf3 {[%csl Yd7]} Qe7 $44) (19. Qd3 $5 {[%cal
Yb3d5]} f5 20. exf5 $14 Rxf5 $6 21. Nc4 $1 $16 {[%csl Gb6]}) 19... Qf4 20. Rae1
Rbe8 {1/2-1/2 Smirin,I (2673)-Kamsky,G (2690)/Khanty Mansiysk 2005/CBM 111})
19. Rad1 $1 {[%csl Yd7,Ye4] A strong move. Instead of passively defending his
central pawn, White is ready to give it up in order to activate the rook along
the d-file.} Qf4 (19... Bxe4 $2 20. Nxe4 Qxe4 21. Rxd7 $16) 20. Qd3 Bxe4 21.
Nxe4 Rxe4 {Black has re-established the material equality and the position is
almost symmetrical. Moreover, the presence of opposite coloured bishops could
make one think about an easy draw. However, Shirov felt very accurately that
White is better coordinated and can maintain the initiative, which, precisely
because of the opposite bishops, could easily degenerate (for Black) into a
direct attack against his king.} 22. g3 $1 {Questioning the stability of
Black's pieces and removing any potential back rank problems.} (22. Qxd7 Re2
$11 {[%csl Yf2]}) 22... Qg4 23. Rfe1 $3 {The key to White's whole concept. In
symmetrical positions, it is very important to be ahead in the process of
carying out the elementary stages of the general plan. Here, we can see that
White was a tempo up already by having opened a refuge to his king (g3) and
now he increases his lead by taking over the control of the important e-file
by means of a simple developing move.} (23. Qxd7 Qxd7 24. Rxd7 Re2 $11) 23...
Rxe1+ (23... Rf4 24. Rd2 Rf3 25. Qe4 Qxe4 26. Rxe4 h5 27. Kg2 Rf5 28. Re7 d6
29. f4 $14 {and Black has not equalized yet. White is more active (he attacks
the f7-pawn, while there is no similar weakness in his camp already) and the
situation of the f5-rook is precarious.}) 24. Rxe1 g6 {Trying to reduce the
delay in development by removing the back rank danger.} (24... d6 25. Re7 Qg5
26. Qe2 $16 {[%cal Ye7f7]} d5 27. Rd7 c6 28. Rd6 Rb8 29. Kg2 {[%cal Yd6c6]})
25. Re7 Qg5 (25... d6 26. Qd5 Qf5 27. Qxf5 gxf5 28. Kg2 f4 29. g4 $16 {leads
to a typical situation, where it is not easy to prove a win for White, but
Black is doomed to perpetual passivity.}) 26. Qxd7 Qf6 27. Re2 $16 {White's
lead in development has finally been converted into a material advantage.} Kg7
28. Kg2 Rd8 29. Qe7 Rd3 30. Qe4 Rd7 31. Bc2 h5 32. h4 Bc5 33. Qc4 Re7 34. Be4
Bb6 35. b4 Re6 36. Qd3 Qe7 37. Bf3 Rxe2 38. Bxe2 Qf6 39. Bf3 Kf8 40. Qd2 Kg7
41. Be4 Kf8 42. f4 Qe6 43. Qc2 f5 44. Bf3 Qe3 45. c4 Bd4 46. c5 Kg7 47. Qa2 Kh6
48. Qa8 Qd2+ 49. Kh3 Qxb4 50. Qf8+ Bg7 51. Qe7 Qc3 52. Bd5 Bf6 53. Qf8+ Bg7 54.
Qe7 1/2-1/2